MARC

LEADER 00000nas a2200000 i 4500
001 ssj0000495648
003 WaSeSS
005 20200512172242.0
006 m d
007 cr n
008 110520c20119999gw fr p s 0 a0eng c
010 |a  2011250834 
015 |a GBB9H3524  |2 bnb 
016 7 |a 2641076-X  |2 DE-600 
016 7 |a 015498666  |2 Uk 
022 |a 2043-8869 
035 |a (WaSeSS)ssj0000495648 
040 |a TXI  |b eng  |e pn  |c TXI  |d TXI  |d BUF  |d HEBIS  |d OCLCQ  |d OCLCF  |d OCLCO  |d OCLCQ  |d OCLCO  |d OCLCQ  |d DLC  |d AU@  |d UKMGB  |d UAB  |d VT2  |d U3W  |d WaSeSS 
042 |a pcc 
050 0 0 |a T58.5 
130 0 |a Journal of information technology teaching cases (Online) 
245 1 0 |a Journal of information technology teaching cases  |h [electronic resource]. 
246 1 |a JITTC 
246 1 |a Teaching cases 
260 |3 2011- :  |a Basingstoke :  |b Palgrave Macmillan,  |c 2011- 
260 3 |a <2018-> :  |a Berlin :  |b Springer Link 
310 |a Semiannual 
362 1 |a Began with: Volume 1, issue 1 (March 2011). 
506 |a License restrictions may limit access. 
580 |a Continues publication of the teaching cases traditionally published in Journal of information technology. 
588 |a Description based on: Volume 1, issue 1 (March 2011); title from journal home page (Palgrave Macmillan, viewed May 20, 2011). 
588 |a Latest issue consulted: Volume 8, issue 1 (May 2018) (Springer Link online, viewed August 6, 2018). 
650 0 |a Information technology  |x Study and teaching  |v Periodicals. 
650 0 |a Information resources management  |x Study and teaching  |v Periodicals. 
650 7 |a Information resources management  |x Study and teaching.  |2 fast  |0 (OCoLC)fst00972616 
650 7 |a Information technology  |x Study and teaching.  |2 fast  |0 (OCoLC)fst00973135 
655 0 |a Electronic journals. 
780 1 1 |t Journal of information technology (Online)  |x 1466-4437  |w (DLC) 00238778  |w (OCoLC)37787338 
850 |a DCL 
856 4 0 |z Full text available from Research Library: 03/01/2011 to 1 year ago  |u https://search.proquest.com/publication/756339